01107nam a2200229 a 450000100060000000300090000600800410001502000150005604000280007108200180009910000880011724500840020526000430028930000110033250502330034359000490057665000260062565000440065194200120069599900170070795201530072417080CO-ViMGA141112s2004 ck r 000 u spa d a8420009083 aCO-ViMGAbspacCO-ViMGA04a576.163 I573m1 aThe International commissión on microbiological specifications for foods, 92424010aMicroorganismos de los alimentos (1). Su significado y metodos de enumeración aZaragoza (España), cAcribia, c2000 a439.p. aSignificado de los microorganismos y de sus toxinas en los alimentos Metodos recomendados para el análisis microbiológico de los alimentos Condiciones que deben reunir los ingredientes , los medios de cultivo y los reactivos aForma de adquisición : Premio - Mincultura14aMICROORGANISMOS9308014aMOCROORGANISMOS DE LOS ALIMENTOS924241 2ddccBK c26693d26693 00102ddc40708003aMEVIECARbMEVIECARd2015-12-04hVolumen. 1 | 11/jun/2009l0o576.163 I573m p17080r2015-12-04 00:00:00tEj. 1w2015-12-04yBK